000 00463nam a22001697a 4500
003 BD-ChCU
005 20251218105248.0
008 251218b bg ||||| |||| 00| 0 ben d
040 _cBD-ChCU
082 _a358.44142 STP
100 _aStrachey, John.
_918316
245 _aPost D : some experiences of an air raid warden.//
_cJohn Strachey.
260 _aLondon.
_bGollancz
_c1941
300 _a135p
650 0 _aSome experience.
_918317
942 _2ddc
_cBK
_n0
999 _c110541
_d110541